000 00819nam a2200289Ia 4500
005 20260324120105.0
008 008 260324s9999 xx 000 0 eng d
020 _a9780429226427
037 _aEBOOK
040 _aCRL
040 _beng
040 _cCRL
041 _2eng
041 _aeng
084 _qCRL
100 _aFord Lumban Gaol
_91157198
245 0 _aInterdisciplinary Behavior and Social Sciences
245 0 _bProceedings of the 3rd International Congress on Interdisciplinary Behavior and Social Science 2014 (ICIBSoS 2014), 1-2 November 2014, Bali, Indonesia.
260 _bTaylor and Francis
260 _c2015
365 _a
365 _b465
856 _uhttp://www.taylorfrancis.com/books/9780429226427
942 _cEBOOK
999 _c1748526
_d1748526